[Event "EU-ch U14"]
[Site "Batumi"]
[Date "2010.09.20"]
[Round "1"]
[White "Dangadze, Giorgi"]
[Black "Izzat, Kanan Azar"]
[Result "0-1"]
[WhiteElo "1794"]
[BlackElo "2139"]
[PlyCount "92"]
[EventDate "2010.09.20"]
[EventType "swiss"]
[EventRounds "9"]
[EventCountry "GEO"]
[SourceTitle "CBM 138 Extra"]
[Source "ChessBase"]
[SourceDate "2010.10.29"]
[SourceVersion "1"]
[SourceVersionDate "2010.10.29"]
[SourceQuality "1"]

1. e4 c5 2. Nf3 d6 3. d4 cxd4 4. Nxd4 Nf6 5. Nc3 a6 6. Be3 e5 7. Nb3 Be7 8. f3 Be6 9. Qd2 0-0 10. 0-0-0 a5 11. Kb1 a4 12. Nc1 Ra5 13. g4 Nbd7 14. h4 a3 15. b3 d5 16. g5 d4 17. gxf6 Bxf6 18. Bf2 dxc3 19. Qxc3 Qa8 20. Bh3 Rc8 21. Qd2 Bxh3 22. Rxh3 Nf8 23. Ne2 Rd8 24. Qe1 Rxd1+ 25. Qxd1 Qc8 26. Rh1 Ra6 27. Qd2 Be7 28. Bg3 Rd6 29. Qc3 Rc6 30. Qd2 Bf6 31. Bf2 b5 32. Ng3 Ng6 33. Nf5 h5 34. Be3 Nf4 35. Nd6 Rxd6 36. Qxd6 Qc3 37. Bc1 Qxf3 38. Qd1 Qxe4 39. Bxa3 Nd5 40. Bb2 Ne3 41. Qc1 Nxc2 42. Rh2 Ne1+ 43. Ka1 Nd3 44. Qh1 Qf4 45. Re2 g6 46. Kb1 Bg7 0-1